UK Towns Quiz - Flintshire - Wales - Statistics

General Stats
  • This quiz has been taken 55 times
  • The average score is 15 of 34
Answer Stats
Clue Population Town % Correct
F 12,775 Flint
94%
C 16,762 Connahs Quay
88%
H 7,730 Holywell
85%
M 9,891 Mold
85%
B 13,570 Buckley
82%
H 14,280 Hawarden
82%
B 6,535 Broughton
76%
S 6,501 Shotton
73%
B 5,945 Bagillt
67%
N 1,033 Northop
61%
C 953 Caerwys
55%
H 4,424 Hope
48%
M 893 Mostyn
48%
P 3,823 Penyffordd
48%
P 840 Pen-y-ffordd
42%
S 1,698 Soughton
42%
G 2,427 Garden City
39%
T 950 Treuddyn
39%
L 1,949 Leeswood
36%
N 889 New Brighton
36%
R 522 Rhydymwyn
36%
G 978 Gronant
33%
F 689 Flint Mountain
30%
N 1,827 Northop Hall
30%
G 922 Gwernymynydd
27%
P 776 Pantymwyn
27%
P 1,081 Pentre Halkyn
27%
R 547 Rhosesmor
27%
A 2,850 Aston
24%
L 626 Lixwm
21%
T 626 Trelogan
15%
G 904 Gwernaffield-y-Waun
3%
H 1,730 Higher Kinneryon
3%
M 4,734 Myndd Isa
3%
No matching quizzes found
Score Distribution
Percent of People with Each Score
Percentile by Number Answered
Your Score History
You have not taken this quiz